[Event "1/128 Finale"]
[Site "www.chess-mail.com"]
[Date "2015.02.27"]
[Round "1"]
[White "Karadajyan"]
[Black "Hrob71"]
[WhiteElo "2130"]
[BlackElo "1499"]
[Result "1-0"]
[Round "1"]
1.d4 Ng8f6
2.c4 c5
3.d5 b5
4.cxb5 a6
5.bxa6 g6
6.Nb1c3 Bc8xa6
7.Ng1f3 d6
8.g3 Bf8g7
9.Bf1g2 O-O
10.Ra1b1 Nb8d7
11.b3 Qd8c7
12.Bc1b2 Rf8b8
13.O-O c4
14.Nf3d4 cxb3
15.axb3 Nd7c5
16.Bb2a1 Nf6d7
17.Nd4c6 Rb8e8
18.b4 Nc5b7
19.b5 { resign }
1-0

[Event "Eq:Slap Shot Mates-Clubul Central de Sah : "]
[Site "www.chess-mail.com"]
[Date "2015.02.27"]
[Round "1"]
[White "Calulalb"]
[Black "Witpar"]
[WhiteElo "2730"]
[BlackElo "2660"]
[Result "1-0"]
[Round "1"]
1.e4 e6
2.d4 d5
3.Nb1c3 Ng8f6
4.e5 Nf6d7
5.f4 c5
6.Ng1f3 Nb8c6
7.Bc1e3 a6
8.Qd1d2 b5
9.Bf1e2 Qd8b6
10.Nc3d1 b4
11.c3 bxc3
12.Nd1xc3 Ra8b8
13.b3 Qb6b4
14.Ra1c1 cxd4
15.Nf3xd4 Nc6xd4
16.Be3xd4 Bc8b7
17.Nc3a4 Qb4xd2
18.Kxd2 Bf8b4
19.Ke3 Bb4a3
20.Bd4b2 Ba3xb2
21.Na4xb2 g5
22.fxg5 Nd7xe5
23.Nb2d3 Ne5xd3
24.Be2xd3 h6
25.g6 O-O
26.Rh1f1 fxg6
27.Kd4 Rf8xf1
28.Rc1xf1 Rb8f8
29.Rf1xf8 Kxf8
30.Ke5 Kf7
31.b4 g5
32.a4 Ke7
33.a5 Kd7
34.b5 axb5
35.Bd3xb5 Bb7c6
36.Bb5e2 Bc6b7
37.a6 Bb7c8
38.g4 Kc7
39.a7 Bc8b7
40.Kxe6 Kb6
41.Kf6 Kxa7
42.Kg6 Bb7a6
43.Be2d1 Kb6
44.Kxh6 Kc5
45.Kxg5 d4
46.h4 Kd6
47.Kg6 Ke5
48.h5 Ba6d3
49.Kf7 Kf4
50.h6 Ke3
51.g5 Kd2
52.Bd1g4 { resign }
1-0

[Event "Fast Game"]
[Site "www.echecsemail.com"]
[Date "2015.02.27"]
[Round "1"]
[White "Attatroll"]
[Black "Anja"]
[WhiteElo "1820"]
[BlackElo "1909"]
[Result "1-0"]
[Round "1"]
1.d4 f5
2.h3 Ng8f6
3.g4 d6
4.g5 Nf6d5
5.Bf1g2 c6
6.Ng1f3 g6
7.O-O Bf8g7
8.c4 Nd5b6
9.b3 e5
10.dxe5 dxe5
11.Qd1xd8 Kxd8
12.Rf1d1 Kc7
13.Nb1a3 Bc8e6
14.Bc1b2 Nb8d7
15.Na3c2 Ra8d8
16.Ra1c1 h6
17.Nc2e3 hxg5
18.Nf3xg5 Rd8e8
19.Ng5xe6 Re8xe6
20.Bg2d5 Re6e8
21.Bd5g2 Rh8h7
22.a3 e4
23.Bb2xg7 Rh7xg7
24.Rd1d2 Nd7f6
25.Rc1d1 Nf6h5
26.Ne3c2 Nh5f4
27.Nc2d4 Rg7h7
28.Kh2  { time }
1-0

[Event "Fast Game"]
[Site "www.echecsemail.com"]
[Date "2015.02.27"]
[Round "1"]
[White "Fanny33"]
[Black "Pgcbies"]
[WhiteElo "2120"]
[BlackElo "2170"]
[Result "1/2-1/2"]
[Round "1"]
1.e4 c6
2.d4 d5
3.exd5 cxd5
4.Bf1d3 Nb8c6
5.c3 Qd8c7
6.Ng1e2 Bc8g4
7.f3 Bg4d7
8.O-O e5
9.Rf1e1 Bf8d6
10.Nb1a3 a6
11.c4 Ng8f6
12.Bc1g5 Bd6b4
13.Ne2c3 Nc6xd4
14.Bg5xf6 gxf6
15.Nc3xd5 Qc7d6
16.Nd5xb4 Qd6xb4
17.Na3c2 Qb4b6
18.Kh1 O-O-O
19.Nc2xd4 Qb6xd4
20.Qd1c2 Bd7c6
21.Ra1d1 Qd4f4
22.Re1f1 a5
23.h3 Rd8d4
{ draw }
1/2-1/2

[Event "Tourn. n7945"]
[Site "www.chess-mail.com"]
[Date "2015.02.28"]
[Round "1"]
[White "Generalfree"]
[Black "Passaroa25"]
[WhiteElo "1680"]
[BlackElo "1520"]
[Result "1-0"]
[Round "1"]
1.e4 e6
2.c3 Ng8e7
3.h4 Ne7g6
4.g3 d6
5.d4 Nb8d7
6.h5 Ng6e7
7.Bf1d3 h6
8.f4 Nd7b6
9.b3 Bc8d7
10.Bc1e3 d5
11.e5 Ne7f5
12.Be3f2 Bf8e7
13.Ng1f3 Bd7c6
14.g4 Nf5h4
15.Nf3xh4 Qd8d7
16.a4 O-O-O
17.Nh4f3 Qd7e8
18.Nb1d2 Kb8
19.a5 Nb6d7
20.b4 a6
21.Qd1b3 g6
22.hxg6 fxg6
23.Qb3b1 Nd7f8
24.Bf2h4 Bc6b5
25.Bh4xe7 Qe8xe7
26.Bd3xb5 axb5
27.Qb1a2 c6
28.a6 Qe7c7
29.Nd2b3 Kc8
30.Nb3c5 b6
31.a7 bxc5
32.a8Q Kd7
33.Qa8a7 Rd8c8
34.Qa7xc5 Rh8h7
35.Qa2a7 Ke8
36.Qa7xc7 Rh7xc7
37.Rh1xh6 Kf7
38.Nf3g5 Kg7
39.Rh6h2 Kg8
40.O-O-O Rc8e8
41.Rd1h1 Rc7g7
42.Rh2h8 
1-0

[Event "Tourn. n8096"]
[Site "www.chess-mail.com"]
[Date "2015.02.28"]
[Round "1"]
[White "Korbacik"]
[Black "Fred"]
[WhiteElo "1809"]
[BlackElo "2030"]
[Result "1-0"]
[Round "1"]
1.e4 e5
2.Ng1f3 Nb8c6
3.Bf1b5 d6
4.d4 Bc8g4
5.Nb1c3 a6
6.Bb5xc6 bxc6
7.dxe5 h6
8.Bc1f4 f6
9.exd6 cxd6
10.h3 Bg4h5
11.O-O Bf8e7
12.Qd1d3 Bh5g6
13.Qd3c4 f5
14.e5 Qd8c7
15.exd6 Be7xd6
16.Rf1e1 Kf8
17.Bf4xd6 Qc7xd6
18.Ra1d1 Qd6f6
19.Re1e6 Qf6f7
20.Nf3e5 Qf7b7
21.Ne5xg6 { resign }
1-0

[Event "Tourn. n7976"]
[Site "www.chess-mail.com"]
[Date "2015.02.28"]
[Round "1"]
[White "Uliczny2"]
[Black "Gatrooper"]
[WhiteElo "1550"]
[BlackElo "1440"]
[Result "1-0"]
[Round "1"]
1.e4 e5
2.Ng1f3 Nb8c6
3.Bf1b5 a6
4.Bb5xc6 dxc6
5.O-O Bf8d6
6.d4 exd4
7.Nf3xd4 c5
8.Nd4b3 Qd8h4
9.g3  { time }
1-0

[Event "Tourn. n8065"]
[Site "www.chess-mail.com"]
[Date "2015.02.28"]
[Round "1"]
[White "Gene4267"]
[Black "Grimsby"]
[WhiteElo "1499"]
[BlackElo "1700"]
[Result "1-0"]
[Round "1"]
1.d4 Ng8f6
2.c4 e6
3.Nb1c3 Bf8b4
4.Qd1c2 c5
5.dxc5 Nb8a6
6.a3 Bb4xc3
7.Qc2xc3 Na6xc5
8.b4 Nc5e4
9.Qc3c2 d5
10.f3 Ne4d6
11.c5 Nd6f5
12.Bc1g5 h6
13.Bg5f4 O-O
14.Ng1h3 Rf8e8
15.Qc2b2 d4
16.Bf4e5 Qd8d5
17.Be5xf6 gxf6
18.O-O-O e5
19.e4 { resign }
1-0

[Event "Tourn. n8105"]
[Site "www.chess-mail.com"]
[Date "2015.02.28"]
[Round "1"]
[White "T9l9"]
[Black "Iko"]
[WhiteElo "1499"]
[BlackElo "1470"]
[Result "1-0"]
[Round "1"]
1.d4 d5
2.c4 Ng8f6
3.cxd5 Qd8xd5
4.Nb1c3 Nb8c6
5.Nc3xd5 Nf6xd5
6.e4 Nd5f6
7.d5 Nc6b4
8.Qd1a4 c6
9.Qa4xb4 cxd5
10.Bf1b5 Bc8d7
11.Bb5xd7 Kxd7
12.Qb4xb7 Ke6
13.Qb7c6 Ke5
14.Ng1f3 Kxe4
15.Qc6c2 
1-0

[Event "Tourn. n8097"]
[Site "www.chess-mail.com"]
[Date "2015.02.28"]
[Round "1"]
[White "Pipas"]
[Black "F14"]
[WhiteElo "1640"]
[BlackElo "1599"]
[Result "0-1"]
[Round "1"]
1.e4 e5
2.Bf1c4 Ng8f6
3.Nb1c3 c6
4.Ng1f3 d6
5.h3 Bf8e7
6.O-O O-O
7.d4 Qd8c7
8.d5 b5
9.Bc4b3 b4
10.Nc3e2 a5
11.a3 Bc8b7
12.axb4 axb4
13.Ra1xa8 Bb7xa8
14.Ne2g3 cxd5
15.exd5 Rf8c8
16.Ng3f5 Be7f8
17.Bc1d2 Qc7c5
18.c3 bxc3
19.Bd2xc3 Ba8xd5
20.Bb3c2 Bd5xf3
21.Qd1xf3 Qc5c6
22.Qf3g3 Nf6d5
23.Bc2e4 Qc6c4
24.Be4xd5 Qc4xd5
25.Bc3b4 Qd5e6
26.Nf5e3 Nb8c6
27.Bb4d2 Qe6g6
28.Qg3h4 Bf8e7
29.Qh4a4 Qg6d3
30.Qa4d1 h6
31.f4 exf4
32.Rf1xf4 Be7g5
33.Rf4f3 Nc6e5
34.Qd1f1 Ne5xf3
35.Qf1xf3 Qd3xd2
36.Ne3f5 Rc8c1
37.Kh2 Bg5f4
38.Nf5g3 Bf4xg3
39.Qf3xg3 Qd2d1
40.Qg3h4 Qd1g1
41.Kg3 Qg1e1
{ resign }
0-1

[Event "Tourn. n7995"]
[Site "www.chess-mail.com"]
[Date "2015.02.28"]
[Round "1"]
[White "Wwgia"]
[Black "Syd"]
[WhiteElo "2140"]
[BlackElo "2240"]
[Result "0-1"]
[Round "1"]
1.d4 Ng8f6
2.c4 c5
3.d5 b5
4.a4 bxc4
5.Nb1c3 d6
6.e4 g6
7.Bf1xc4 Bf8g7
8.Ng1f3 Bc8g4
9.O-O O-O
10.h3 Bg4xf3
11.Qd1xf3 Nb8d7
12.Bc1f4 Nd7b6
13.Bc4b5 Nf6h5
14.Bf4d2 a6
15.Bb5c6 Ra8b8
16.Qf3e2 Qd8c8
17.g4 Nh5f6
18.f4 Nb6d7
19.Ra1b1 Rb8b4
20.e5 dxe5
21.fxe5 Nd7xe5
22.Qe2xe5 Nf6xg4
23.Qe5g3 Ng4e5
24.Bd2h6 Bg7xh6
25.Qg3xe5 Qc8xh3
26.Rf1f2 Rb4g4
{ resign }
0-1

[Event "Tourn. n8059"]
[Site "www.chess-mail.com"]
[Date "2015.02.28"]
[Round "1"]
[White "Fresnel"]
[Black "Falcoale"]
[WhiteElo "1729"]
[BlackElo "1830"]
[Result "0-1"]
[Round "1"]
1.d4 Ng8f6
2.c4 e6
3.Nb1c3 Bf8b4
4.Qd1c2 b6
5.Ng1f3 Bc8b7
6.Bc1g5 h6
7.Bg5h4 O-O
8.e3 d6
9.Bf1e2 Nb8d7
 { time }
0-1

[Event "Tourn. n8069"]
[Site "www.chess-mail.com"]
[Date "2015.02.28"]
[Round "1"]
[White "Obisporey"]
[Black "Kermet"]
[WhiteElo "2480"]
[BlackElo "2520"]
[Result "1-0"]
[Round "1"]
1.e4 c5
2.Ng1f3 Nb8c6
3.d4 cxd4
4.Nf3xd4 Ng8f6
5.Nb1c3 e5
6.Nd4b5 d6
7.Bc1g5 a6
8.Nb5a3 b5
9.Nc3d5 Bf8e7
10.Bg5xf6 Be7xf6
11.c3 O-O
12.Na3c2 Bf6g5
13.a4 bxa4
14.Ra1xa4 a5
15.Bf1c4 Kh8
16.Nc2e3 Nc6e7
17.Nd5xe7 Qd8xe7
18.O-O Bc8d7
19.Ra4a3 Bd7c6
20.Ne3f5 Qe7f6
21.Bc4d5 Bc6xd5
22.Qd1xd5 Ra8b8
23.Nf5xd6 { resign }
1-0

[Event "Tourn. n7965"]
[Site "www.chess-mail.com"]
[Date "2015.02.28"]
[Round "1"]
[White "Liencam2"]
[Black "Cardiff"]
[WhiteElo "2240"]
[BlackElo "2070"]
[Result "0-1"]
[Round "1"]
1.e4 e6
2.Qd1e2 c5
3.Ng1f3 Nb8c6
4.c3 d6
5.g3 Bf8e7
6.Bf1g2 Ng8f6
7.O-O O-O
8.d4 cxd4
9.cxd4 d5
10.e5 Nf6e4
11.Nb1c3 Ne4xc3
12.bxc3 Bc8d7
13.c4 dxc4
14.Qe2xc4 Ra8c8
15.Qc4b3 b6
16.Bc1e3 Nc6a5
17.Qb3d3 Na5c4
18.Nf3d2 Nc4xe3
19.fxe3 Bd7c6
20.Nd2e4 Bc6d5
21.Qd3d2 Bd5c4
22.Rf1f2 b5
23.Ra1f1 Bc4xf1
24.Rf2xf1 Qd8b6
25.Qd2f2 a5
26.Qf2f4 b4
27.Rf1b1 Rc8c2
28.Ne4f2 Rf8c8
29.Rb1d1 Rc2c1
30.Bg2f3 Rc1xd1
31.Nf2xd1 a4
32.d5 exd5
33.Bf3xd5 Rc8f8
34.Kg2 b3
35.axb3 axb3
36.Qf4f2 Be7c5
37.e6 fxe6
38.Bd5f3 b2
{ resign }
0-1

[Event "Tourn. n8061"]
[Site "www.chess-mail.com"]
[Date "2015.02.28"]
[Round "1"]
[White "Seger"]
[Black "Krasin"]
[WhiteElo "2640"]
[BlackElo "2320"]
[Result "1-0"]
[Round "1"]
1.d4 f5
2.g3 Ng8f6
3.Bf1g2 g6
4.Ng1f3 Bf8g7
5.c4 d6
6.O-O O-O
7.Nb1c3 Nb8c6
8.d5 Nc6a5
9.Qd1d3 c5
10.b3 a6
11.Bc1d2 b5
12.cxb5 axb5
13.Nc3xb5 Nf6e4
14.Bd2c3 Ne4xc3
15.Nb5xc3 Qd8b6
16.Nf3g5 Bc8d7
17.Ra1b1 Qb6b4
18.Rf1c1 Bg7xc3
19.Rc1xc3 { resign }
1-0

[Event "Tourn. n8085"]
[Site "www.chess-mail.com"]
[Date "2015.02.28"]
[Round "1"]
[White "Xkafi"]
[Black "Groz"]
[WhiteElo "1990"]
[BlackElo "2119"]
[Result "1-0"]
[Round "1"]
1.e4 g6
2.e5 Bf8g7
3.d4 d6
4.exd6 cxd6
5.c3 Ng8f6
6.h3 O-O
7.Ng1f3 a6
8.Bc1g5 Nb8d7
9.Nb1d2 h6
10.Bg5h4 g5
11.Bh4g3 Qd8b6
12.Qd1c2 Nf6h5
13.Nd2c4 Qb6a5
14.Nc4xa5 { resign }
1-0

[Event "Tourn. n8066"]
[Site "www.chess-mail.com"]
[Date "2015.02.28"]
[Round "1"]
[White "Gene4267"]
[Black "Iko"]
[WhiteElo "1799"]
[BlackElo "1470"]
[Result "1-0"]
[Round "1"]
1.d4 d5
2.c4 Ng8f6
3.Ng1f3 dxc4
4.e3 b5
5.a4 bxa4
6.Qd1xa4 Bc8d7
7.Qa4xc4 e6
8.Bf1d3 Nf6d5
9.O-O Bf8d6
10.Nb1c3 Bd7c6
11.e4 h5
12.e5 Bd6b4
13.Nc3xd5 Qd8xd5
14.Qc4xb4 Rh8h6
15.Bc1xh6 gxh6
16.Ra1a5 Qd5d7
17.Rf1a1 f5
18.Ra5xa7 Ra8xa7
19.Ra1xa7 Qd7g7
20.Qb4xb8 Ke7
21.Ra7xc7 Bc6d7
22.Qb8c8 Kf7
23.Rc7xd7 Kg6
24.Rd7xg7 Kxg7
25.Qc8xe6 f4
26.d5 h4
27.Qe6f6 Kg8
28.e6 h3
29.Qf6f7 Kh8
30.Qf7h7 
1-0

[Event "Tourn. n8121"]
[Site "www.chess-mail.com"]
[Date "2015.02.28"]
[Round "1"]
[White "Fred"]
[Black "Goga"]
[WhiteElo "2060"]
[BlackElo "1960"]
[Result "1-0"]
[Round "1"]
1.e4 e6
2.f4 Ng8f6
3.e5 Nf6e4
4.Ng1f3 d6
5.d4 dxe5
6.fxe5 Bf8e7
7.Bf1d3 Ne4g5
8.Bc1xg5 Be7xg5
9.O-O Bg5e3
10.Kh1 Be3xd4
11.Nf3xd4 Qd8xd4
12.Bd3b5 { resign }
1-0

[Event "Match"]
[Site "www.echecsemail.com"]
[Date "2015.02.28"]
[Round "1"]
[White "Irene"]
[Black "Razorboy"]
[WhiteElo "1980"]
[BlackElo "1800"]
[Result "1-0"]
[Round "1"]
1.d4 d5
2.Ng1f3 Bc8g4
3.h3 Bg4xf3
4.exf3 Ng8f6
5.Bf1d3 Nb8c6
6.c3 e6
7.Qd1c2 g6
8.Bc1g5 Bf8e7
9.Bg5h6 e5
10.Bh6g7 Rh8g8
11.dxe5 Rg8xg7
12.exf6 Be7xf6
13.O-O d4
14.Bd3b5 d3
15.Rf1e1 Bf6e7
16.Bb5xd3 Qd8d6
17.Qc2e2 O-O-O
18.Bd3b5 Rd8e8
19.Qe2e4 a6
20.Bb5xc6 bxc6
21.Nb1a3 f5
22.Qe4c4 Qd6d2
23.Qc4xa6 Kd7
24.Na3c4 Qd2g5
25.Nc4e5 Kd6
26.Qa6xc6 { resign }
1-0

[Event "Match"]
[Site "www.echecsemail.com"]
[Date "2015.02.28"]
[Round "1"]
[White "Pembertonia"]
[Black "Peck"]
[WhiteElo "1410"]
[BlackElo "1479"]
[Result "1/2-1/2"]
[Round "1"]
1.e4 g5
2.Ng1f3 g4
3.Nf3g1 b5
4.Bf1xb5 c6
5.Bb5e2 Qd8a5
6.Be2xg4 Ng8h6
7.Nb1c3 Bf8g7
8.Ng1h3 O-O
9.O-O Bc8a6
10.d3 Bg7xc3
11.Ra1b1 Qa5xa2
12.Bc1xh6 Rf8c8
13.Rb1a1 Qa2xb2
14.Ra1c1 Ba6b5
15.Nh3f4 Qb2a3
16.Nf4e2 Bc3b2
17.Ne2g3 Bb2xc1
18.Qd1xc1 Qa3xc1
19.Rf1xc1 c5
20.Ng3f5 Rc8e8
21.Bg4h5 Nb8c6
22.Rc1b1 a6
23.Bh6g7 c4
24.Rb1e1 e6
25.dxc4 exf5
26.cxb5 axb5
27.Bg7c3 Ra8a3
28.Bc3d2 Nc6d4
29.Bd2h6 Re8e6
30.Bh6g5 Nd4xc2
31.Re1e2 { draw }
1/2-1/2

[Event "Match"]
[Site "www.echecsemail.com"]
[Date "2015.02.28"]
[Round "1"]
[White "Ranjachess"]
[Black "Rindrandria"]
[WhiteElo "1700"]
[BlackElo "1530"]
[Result "0-1"]
[Round "1"]
1.e4 c5
2.Bf1c4 Qd8c7
3.d3 Qc7a5
4.Bc1d2 Qa5b6
5.Ng1f3 Qb6xb2
6.Bd2c3 Qb2b6
7.O-O Qb6g6
8.Nb1d2 d5
9.Nf3e5 Qg6g5
10.Nd2f3 Qg5f6
11.Bc4b5 Bc8d7
12.Ne5xd7 Qf6xc3
13.Nd7b6 Nb8c6
14.Nb6xa8 Qc3a5
15.Qd1b1 Qa5d8
16.Bb5xc6 bxc6
17.Qb1b7 Qd8d7
18.Na8c7 Kd8
19.Nf3e5 Qd7xc7
20.Ne5xf7 Kd7
21.Rf1b1 g6
22.Nf7xh8 Bf8g7
23.Qb7b8 Qc7xb8
24.Rb1xb8 Bg7xa1
25.Rb8xg8 Ke6
26.f4 c4
27.Rg8f8 Ba1g7
28.f5 gxf5
29.exf5 Ke5
30.Nh8f7 Kf6
31.Nf7d6 Bg7xf8
32.dxc4 exd6
33.cxd5 cxd5
34.g4 h5
35.Kg2 hxg4
36.h3 Kxf5
37.Kg3 gxh3
38.Kxh3 Ke4
39.Kg2 Ke3
40.Kg3 d4
41.Kg4 Kd2
42.Kf4 Kxc2
43.Ke4 d3
44.Kd5 d2
45.Kc4 d1Q
46.Kb4 d5
47.Kb5 Qd1d4
48.a4 Qd4c5
{ resign }
0-1

[Event "Match"]
[Site "www.echecsemail.com"]
[Date "2015.02.28"]
[Round "1"]
[White "Gambitmiau"]
[Black "Paco"]
[WhiteElo "1800"]
[BlackElo "1890"]
[Result "1-0"]
[Round "1"]
1.e4 e5
2.d4 exd4
3.c3 dxc3
4.Bf1c4 cxb2
5.Bc1xb2 Qd8g5
6.Ng1h3 Qg5xg2
7.Qd1d5 Qg2xh1
8.Ke2 Ng8h6
9.Nh3g5 d6
10.Ng5xf7 Nh6xf7
11.Qd5xf7 Kd8
12.Nb1d2 Bc8g4
13.Ke3 Qh1xh2
14.Bb2f6 Kc8
15.Bc4e6 Bg4xe6
16.Qf7xe6 { resign }
1-0

[Event "Match"]
[Site "www.echecsemail.com"]
[Date "2015.02.28"]
[Round "1"]
[White "F14"]
[Black "Maestro"]
[WhiteElo "1599"]
[BlackElo "1910"]
[Result "1/2-1/2"]
[Round "1"]
1.e4 c5
2.Ng1f3 Nb8c6
3.d4 cxd4
4.Nf3xd4 Ng8f6
5.Nb1c3 a6
6.Bf1e2 e5
7.Nd4b3 Bf8e7
8.O-O d6
9.Bc1e3 O-O
10.f4 b5
11.Be2f3 Bc8b7
12.Nc3d5 Nf6xd5
13.exd5 Nc6a5
14.Nb3xa5 Qd8xa5
15.fxe5 Ra8c8
16.exd6 Be7xd6
17.c3 Qa5c7
18.h3 Bd6c5
19.Be3xc5 Qc7xc5
20.Kh1 Rc8d8
21.Qd1c2 Bb7xd5
22.Bf3xd5 Qc5xd5
23.Ra1d1 Qd5xa2
24.Rd1xd8 Rf8xd8
25.Qc2f2 Qa2c4
26.b3 Qc4xb3
27.Qf2b6 Rd8f8
28.Qb6xa6 Qb3xc3
29.Qa6xb5 Qc3g3
30.Rf1f3 Qg3e1
31.Rf3f1 Qe1g3
32.Qb5f5 Qg3c3
33.Rf1f3 Qc3c7
34.g4 h6
35.Rf3f2 Qc7g3
36.Rf2f3 Qg3b8
37.Rf3f1 Qb8b7
38.Kh2 Rf8d8
39.h4 Rd8d2
40.Rf1f2 Rd2xf2
41.Qf5xf2 Qb7e4
42.Qf2g2 Qe4e7
43.Qg2a8 Kh7
44.Kg3 Qe7e5
45.Kg2 f5
46.gxf5 Qe5xf5
47.Qa8f3 Qf5c2
48.Kh3 Qc2g6
49.h5 Qg6e6
50.Kh4 Qe6e7
51.Kh3 Qe7e8
52.Kh4 g5
53.Kg4 Qe8a4
54.Kg3 Qa4h4
55.Kg2 Qh4d4
56.Qf3f5 Kg8
57.Qf5g6 Qd4g7
58.Qg6e6 Kh7
59.Qe6f5 Kh8
60.Qf5c8 Qg7g8
61.Qc8c3 Qg8g7
62.Qc3c8 { draw }
1/2-1/2

[Event "Match"]
[Site "www.echecsemail.com"]
[Date "2015.02.28"]
[Round "1"]
[White "Fred"]
[Black "Generalfree"]
[WhiteElo "2020"]
[BlackElo "1780"]
[Result "1-0"]
[Round "1"]
1.e4 e5
2.f4 exf4
3.Ng1f3 d5
4.e5 f6
5.d4 fxe5
6.dxe5 g5
7.h3 a6
8.c3 c5
9.Bf1d3 Nb8c6
10.Nf3h2 Nc6xe5
11.Qd1h5 Kd7
12.Qh5e2 Ne5xd3
13.Qe2xd3 Qd8e7
14.Kf2 Ng8f6
15.Nh2f3 h6
16.Rh1e1 Qe7f7
17.Nf3e5 { resign }
1-0

[Event "Match"]
[Site "www.echecsemail.com"]
[Date "2015.02.28"]
[Round "1"]
[White "E4player"]
[Black "Hundegana"]
[WhiteElo "1809"]
[BlackElo "1920"]
[Result "1-0"]
[Round "1"]
1.e4 c5
2.Nb1c3 a6
3.Ng1e2 Nb8c6
4.d4 cxd4
5.Ne2xd4 Nc6xd4
6.Qd1xd4 e6
7.Bc1f4 Qd8f6
8.e5 Qf6d8
9.Nc3e4 Bf8e7
10.Bf1d3 f6
11.O-O f5
12.Ne4d6 Be7xd6
13.Qd4xd6 Qd8e7
14.Qd6c7 Qe7d8
15.Qc7xd8 Kxd8
16.a4 h6
17.Bf4e3 g5
18.Ra1a3 Ng8e7
19.Rf1d1 Ne7c6
20.Be3b6 Ke7
21.Bb6c7 Rh8h7
22.Bc7d6 Kf7
23.g4 Kg6
24.h4 gxh4
25.gxf5 exf5
26.Kh2 Rh7f7
27.Rd1g1 Kh7
28.Rg1g4 Nc6d8
29.Rg4xh4 Nd8e6
30.Bd3e2 Rf7g7
31.Ra3h3 Rg7g6
32.Be2h5 Rg6g7
33.Bh5e8 Rg7g6
34.Be8xg6 Kxg6
35.Rh4xh6 Kg5
36.Bd6e7 Kg4
37.Rh6h4 { resign }
1-0

[Event "1/128 Finale"]
[Site "www.chess-mail.com"]
[Date "2015.02.28"]
[Round "1"]
[White "Hennie4820"]
[Black "Bluetealeaf"]
[WhiteElo "1960"]
[BlackElo "1670"]
[Result "1-0"]
[Round "1"]
1.e4 d5
2.exd5 Qd8xd5
3.Nb1c3 Qd5c6
4.Ng1f3 f6
5.Bf1b5 Bc8d7
6.Bb5xc6 Bd7xc6
7.d4 Nb8d7
8.d5 Bc6xd5
9.Nc3xd5 Ra8c8
10.Bc1f4 e6
11.Nd5xc7 Ke7
12.Qd1d6 Kd8
13.Nc7xe6 Ke8
14.Ne6xf8 Nd7xf8
15.O-O-O Kf7
16.Rh1e1 Kg6
17.Nf3e5 Kh5
18.g4 Kh4
19.Bf4g3 Kh3
20.Qd6d3 h5
21.Bg3f4 { resign }
1-0

[Event "1/128 Finale"]
[Site "www.chess-mail.com"]
[Date "2015.02.28"]
[Round "1"]
[White "Vitoriccardo"]
[Black "Generalfree"]
[WhiteElo "1609"]
[BlackElo "1830"]
[Result "1-0"]
[Round "1"]
1.e4 e5
2.Ng1f3 d6
3.d4 c6
4.dxe5 Qd8a5
5.Nb1c3 dxe5
6.Bc1d2 f6
7.Bf1c4 Bf8c5
8.Nc3d5 Qa5d8
9.Nd5c3 Qd8b6
10.Nf3xe5 Bc5xf2
11.Kf1 fxe5
12.Qd1h5 g6
13.Qh5xe5 Kd8
14.Bd2g5 { resign }
1-0

[Event "Eq:CONFOEDERATIONIS HELVETICAE-Los Tercios : "]
[Site "www.chess-mail.com"]
[Date "2015.02.28"]
[Round "1"]
[White "Asiamen"]
[Black "Desiderio"]
[WhiteElo "2110"]
[BlackElo "2070"]
[Result "0-1"]
[Round "1"]
1.e4 d5
2.exd5 Qd8xd5
3.Nb1c3 Qd5a5
4.d4 Ng8f6
5.Bc1d2 c6
6.Bf1c4 Bc8f5
7.Nc3d5 Qa5d8
8.Nd5xf6 exf6
9.c3 Bf8d6
10.Ng1f3 O-O
11.O-O Nb8d7
12.Bd2e3 Qd8c7
13.Qd1d2 Bf5g4
14.Bc4e2 Bg4xf3
15.Be2xf3 Bd6xh2
16.Kh1 Bh2d6
17.Ra1d1 Nd7b6
18.Qd2c2 Bd6f4
19.Be3c1 Bf4xc1
20.Qc2xc1 Rf8e8
21.Qc1c2 Re8e7
22.g3 Ra8e8
23.Kg2 Nb6d7
24.Rf1h1 Nd7f8
25.Qc2f5 Nf8g6
26.Qf5h5 h6
27.Qh5c5 a6
28.Qc5c4 Qc7b6
29.b4 Qb6b5
30.Qc4b3 Ng6f8
31.a4 Qb5b6
32.c4 Nf8e6
33.c5 Qb6c7
34.d5 cxd5
35.Rd1xd5 Re8d8
36.Rh1d1 Re7d7
37.Rd5xd7 Rd8xd7
38.Rd1xd7 Qc7xd7
39.Qb3d5 Qd7xd5
40.Bf3xd5 Ne6d8
41.Kf3 Kf8
42.Ke4 Ke7
43.f4 g6
44.Kd4 h5
45.Bd5f3 f5
46.b5 f6
47.bxa6 bxa6
48.Kc4 Kd7
 { time }
0-1

[Event "Eq:BEAC Hungary-CONFOEDERATIONIS HELVETICAE : "]
[Site "www.chess-mail.com"]
[Date "2015.02.28"]
[Round "1"]
[White "Stevefillion"]
[Black "Agmac"]
[WhiteElo "2250"]
[BlackElo "2560"]
[Result "0-1"]
[Round "1"]
1.e4 e5
2.Ng1f3 Nb8c6
3.Bf1b5 a6
4.Bb5a4 Ng8f6
5.O-O b5
6.Ba4b3 Bc8b7
7.d3 Bf8e7
8.a4 O-O
9.Rf1e1 d6
10.Nb1c3 Nc6a5
11.Bb3a2 b4
12.Nc3e2 c5
13.Ne2g3 Ra8b8
14.Nf3d2 Bb7c8
15.h3 Bc8e6
16.Nd2c4 Na5c6
17.f4 exf4
18.Bc1xf4 Nf6e8
19.Ng3f5 Be6xf5
20.exf5 Nc6d4
21.Nc4e3 Be7g5
22.Qd1g4 Bg5xf4
23.Qg4xf4 Nd4xc2
24.Ba2xf7 Rf8xf7
25.Ne3xc2 Qd8f6
26.Ra1b1 Qf6xf5
27.Qf4c4 Qf5f2
28.Kh1 d5
29.Qc4b3 Ne8f6
30.Re1f1 Qf2g3
31.Rf1f3 Qg3g5
32.Rb1e1 Rf7f8
33.Rf3e3 Nf6h5
34.Re3e5 Rf8f1
35.Re1xf1 Qg5xe5
36.Rf1e1 Nh5g3
37.Kg1 Ng3e2
38.Kh1 Rb8f8
{ resign }
0-1

[Event "Eq:BEAC Hungary-CONFOEDERATIONIS HELVETICAE : "]
[Site "www.chess-mail.com"]
[Date "2015.02.28"]
[Round "1"]
[White "Bigrezi"]
[Black "Fkarpov"]
[WhiteElo "1870"]
[BlackElo "2020"]
[Result "0-1"]
[Round "1"]
1.e4 c5
2.Bf1c4 Ng8f6
3.Nb1c3 e6
4.Ng1f3 Bf8e7
5.d4 cxd4
6.Nf3xd4 Nb8c6
7.O-O O-O
8.a3 Nc6xd4
9.Qd1xd4 Qd8b6
10.Qd4xb6 axb6
11.Bc1e3 Be7c5
12.Be3g5 Bc5d4
13.Nc3d1 Nf6xe4
14.Bg5e7 Rf8e8
15.Be7b4 Bd4c5
16.Bb4xc5 bxc5
17.Bc4d3 Ne4f6
18.c4 Ra8a6
19.Nd1c3 Ra6b6
20.Ra1b1 d5
21.Rf1e1 g6
22.cxd5 Bc8d7
23.Bd3c4 exd5
24.Nc3xd5 Re8xe1
25.Rb1xe1 Nf6xd5
26.Bc4xd5 Rb6xb2
27.h3 Kg7
28.Re1e7 Bd7c6
29.Bd5xf7 Kf6
30.Re7c7 Rb2b1
31.Kh2 Rb1b2
32.Kg3 Rb2c2
33.Bf7b3 Rc2c3
34.f3 Rc3xb3
35.Rc7xh7 Rb3xa3
36.Rh7h4 b5
37.Rh4f4 Kg7
38.h4 c4
39.Rf4d4 Ra3d3
{ resign }
0-1

[Event "Eq:Equipo Juan Diaz-Los Tercios : "]
[Site "www.chess-mail.com"]
[Date "2015.02.28"]
[Round "1"]
[White "Lui"]
[Black "Ilusion"]
[WhiteElo "2340"]
[BlackElo "2000"]
[Result "1/2-1/2"]
[Round "1"]
1.e4 c5
2.Ng1f3 d6
3.d4 cxd4
4.Nf3xd4 Ng8f6
5.Nb1c3 e6
6.g4 h6
7.h4 Nb8c6
8.Rh1g1 d5
9.exd5 Nf6xd5
10.Nc3xd5 Qd8xd5
11.Bf1g2 Qd5a5
12.Bc1d2 Qa5e5
13.Bd2e3 Bc8d7
14.Nd4xc6 Bd7xc6
15.Bg2xc6 bxc6
16.Qd1d4 Qe5xd4
17.Be3xd4 c5
18.Bd4c3 O-O-O
19.Rg1g3 Rd8d5
20.Ra1d1 f6
21.Rg3d3 Rd5xd3
22.Rd1xd3 Bf8e7
23.Rd3e3 Kd7
24.Re3d3 { draw }
1/2-1/2

[Event "Tourn. n8051"]
[Site "www.chess-mail.com"]
[Date "2015.03.01"]
[Round "1"]
[White "Difficult"]
[Black "Luban"]
[WhiteElo "2060"]
[BlackElo "2040"]
[Result "1/2-1/2"]
[Round "1"]
1.e4 c5
2.Ng1f3 d6
3.Bf1b5 Bc8d7
4.Bb5xd7 Qd8xd7
5.O-O Nb8c6
6.d4 cxd4
7.Nf3xd4 Ng8f6
8.Nb1c3 a6
9.Bc1g5 e6
10.Rf1e1 Bf8e7
11.h3 O-O
12.Nd4xc6 Qd7xc6
13.Qd1d3 Rf8e8
14.Ra1d1 Ra8d8
15.a3 h6
16.Bg5xf6 Be7xf6
17.Re1e3 b5
18.Qd3e2 Bf6e7
19.Re3d3 { draw }
1/2-1/2

[Event "Tourn. n8011"]
[Site "www.chess-mail.com"]
[Date "2015.03.01"]
[Round "1"]
[White "Vasylpuzanov"]
[Black "Cardiff"]
[WhiteElo "2000"]
[BlackElo "2030"]
[Result "1-0"]
[Round "1"]
1.e4 e5
2.Ng1f3 Nb8c6
3.c3 d5
4.exd5 Qd8xd5
5.d4 exd4
6.cxd4 Bc8g4
7.Bf1e2 O-O-O
8.Nb1c3 Qd5d7
9.d5 Bg4xf3
10.Be2xf3 Nc6e5
11.O-O Ng8f6
12.Rf1e1 Bf8d6
13.Bf3e2 h5
14.Qd1c2 Ne5g4
15.h3 Ng4e5
16.Bc1g5 Qd7e7
17.Be2b5 a6
18.f4 Bd6c5
19.Kh1 axb5
20.fxe5 { resign }
1-0

[Event "Tourn. n8081"]
[Site "www.chess-mail.com"]
[Date "2015.03.01"]
[Round "1"]
[White "Karkaskat"]
[Black "Seger"]
[WhiteElo "2450"]
[BlackElo "2670"]
[Result "0-1"]
[Round "1"]
1.e4 e6
2.d4 d5
3.e5 c5
4.c3 Nb8c6
5.Ng1f3 Qd8b6
6.Bf1e2 Ng8h6
7.b3 cxd4
8.cxd4 Bf8b4
9.Kf1 O-O
10.Bc1xh6 gxh6
11.a3 Bb4e7
12.b4 f6
13.b5 fxe5
14.bxc6 e4
15.Nf3e5 Qb6b2
16.cxb7 Bc8xb7
17.Nb1d2 Qb2xd4
18.Ne5g4 h5
19.Nd2c4 Qd4c5
20.Nc4e3 hxg4
21.Qd1d2 Be7h4
22.g3 Bh4g5
23.Kg2 Rf8xf2
24.Kxf2 Bg5xe3
25.Qd2xe3 Ra8f8
{ resign }
0-1

[Event "Tourn. n8082"]
[Site "www.chess-mail.com"]
[Date "2015.03.01"]
[Round "1"]
[White "Kesalon"]
[Black "Hansen"]
[WhiteElo "1219"]
[BlackElo "1460"]
[Result "1-0"]
[Round "1"]
1.e4 d5
2.exd5 Qd8xd5
3.Nb1c3 Qd5e5
4.Bf1e2 Nb8c6
5.Ng1f3 Qe5e6
6.O-O a6
7.Rf1e1 Qe6g6
8.d4 Bc8h3
9.Be2f1 h5
10.Nf3h4 Qg6g4
11.Qd1xg4 Bh3xg4
12.Bc1e3 e6
13.h3 Bg4f5
14.Nh4xf5 exf5
15.d5 Nc6e5
16.Be3d4 f6
17.f4 O-O-O
18.fxe5 b5
19.e6 b4
20.Bf1xa6 Kb8
21.Nc3b5 Rd8xd5
22.Ra1d1 Ng8e7
23.Bd4a7 Ka8
24.Nb5xc7 Kxa7
25.Nc7xd5 Ne7c6
26.Ba6b5 Nc6a5
27.e7 Bf8xe7
28.Re1xe7 Kb8
29.Re7xg7 Rh8d8
30.Rg7d7 Rd8c8
31.Nd5xb4 Rc8c5
32.Nb4a6 Kc8
33.Rd1e1 Rc5e5
34.Re1xe5 fxe5
35.Rd7d5 Kb7
36.Rd5xe5 f4
37.Re5xh5 Kb6
38.Na6b4 Na5b7
39.a4 Ka5
40.Nb4c6 Kb6
41.Nc6d4 { resign }
1-0